| 000 | 01209cam a22003857a 4500 | ||
|---|---|---|---|
| 003 | CHAP | ||
| 005 | 20220817041233.0 | ||
| 008 | 971013d1992 it r 00110 eng d | ||
| 010 | _a9370 | ||
| 011 | _a10342 | ||
| 035 | _a9579 | ||
| 040 | _cCHAP | ||
| 082 |
_a639.2 _bF3 1992 v.306 |
||
| 110 | 2 | _aFAO | |
| 245 | 1 | 0 |
_aIntroduction to tropical fish stock assessment : _c/by Per Sparre and Siebren C. Venema |
| 250 | _aRev. ed. | ||
| 260 |
_aRome : _bFAO, _c1992-19 |
||
| 300 |
_av. _b: ilus. |
||
| 410 | _aFAO | ||
| 490 | 0 |
_aDocumento técnico de pesca _v; 306/1 |
|
| 500 | _aLa biblioteca tiene: Part 1 Manual | ||
| 590 |
_aBATCH-UPD _b10 _c20130110 _lUCH01 _h1416 |
||
| 590 |
_aBATCH-UPD _b10 _c20130410 _lUCH01 _h0900 |
||
| 590 |
_aBATCH-UPD _b10 _c20130914 _lUCH01 _h1213 |
||
| 590 |
_aCONVERSION _b10 _c20130109 _lUCH01 _h1306 |
||
| 650 | 1 | 4 |
_aPesca _xAdministración. _987353 |
| 650 | 1 | 4 |
_aPesca _xTrópicos. _987414 |
| 700 | 0 |
_aSparre, Per. _9109132 |
|
| 700 | 0 |
_aVenema, Siebren C. _9118694 |
|
| 810 | 0 | _aFAO | |
| 830 | 0 | 0 |
_aDocumento técnico de pesca _v; 306/1 _933242 |
| 901 | _aBK | ||
| 942 | _cLIBRO | ||
| 949 |
_a639.2 F3 1992 v.306 _bBC _cFAO _d337240000694147 _eFAO1 _fpte. 1 _h85974 _i9579 _mD _si |
||
| 999 |
_c9370 _d9370 |
||